Movies Quiz

Random Movies or Actor Quiz

Basketball Movies Quiz Stats

 Plays Quiz Updated Oct 3, 2018

Score 0/22 Timer 07:00
2 Plays Today
Year Movie % Correct
1996Space Jam
86%
1986Hoosiers
71.4%
2008Semi-Pro
67.7%
1992White Men Can't Jump
66.6%
2005Coach Carter
65.6%
2002Like Mike
62.7%
1985Teen Wolf
51.9%
2000Love & Basketball
49.4%
1995Basketball Diaries
40.7%
1994Blue Chips
34.8%
2006Glory Road
34.3%
Year Movie % Correct
1998He Got Game
33.3%
1996Eddie
32.3%
2000Finding Forrester
28.6%
2005Rebound
27.3%
1997The Sixth Man
27.2%
1994The Air Up There
25.7%
1996Celtic Pride
20.1%
1994Above The Rim
18.8%
1995Forget Paris
14.8%
1979Fast Break
4.4%
1987Amazing Grace and Chuck
1.5%

You're not logged in!

Compare scores with friends on all Sporcle quizzes.
OR
Log In

Sporcle TV

Today on Sporcle TV


Watch our educational content, quiz creation guides, and fun videos on Sporcle TV.

Show Comments

Extras

Top Quizzes Today


Score Distribution

Your Account Isn't Verified!

In order to create a playlist on Sporcle, you need to verify the email address you used during registration. Go to your Sporcle Settings to finish the process.

Report this User

Report this user for behavior that violates our Community Guidelines.

Details: